000 00827nac a22002411u 4500
010 _a 99086245
020 _a0419257306 (HBK)
020 _a0419257403 (PBK)
082 0 0 _a696
_bCHA
090 _c8366
_d8366
100 _aChadderton, David V.
245 1 0 _aBuilding services engineering /
_cDavid V. Chadderton.
250 _a3rd ed.
260 _aLondon :
_aNew York :
_bE & FN Spon,C.2000.
_cC.2000.
300 _axx, 374 p. :
_bill. ;
_c26 cm.
500 _aIncludes index.
500 _aDistributer: Al-Ahram.
511 _aCatalogued By: Mahitab.
650 0 _aBuildings
_xMechanical equipment.
650 0 _aBuildings
_xEnvironmental engineering.
942 _cBB
_k696CHA
999 _c8366
_d8366